000 01712nam a2200457 c 4500
001 22248
003 ES-MaCES
005 20141221122755.0
008 090714s2009 sp l 000 | spa d
017 _aNA 767-2009
_bDL
020 _a9788483559093
035 _aCES20090006859m
040 _aES-MaCES
_bspa
_cES-MaCES
100 1 _aSabido Rodríguez, Mercedes
_922955
245 1 3 _aLa protección del trabajador en sucesiones internacionales de empresas
_cMercedes Sabido Rodríguez ; prólogo de Pilar Blanco-Morales Limones, Manuela Eslava Rodríguez
250 _a1ª ed
260 _aCizur Menor (Navarra)
_bAranzadi-Thomson Reuters
_c2009
300 _a291 p.
_c21 cm
490 1 _aThe global Law Collection. Legal studies series
504 _aBibliografía: p. 277-291
541 _cCompra
650 4 _atransmisión de la empresa
_930833
650 4 _afusión de empresas
_928182
650 4 _aglobalización económica
_930653
650 4 _anuevo orden económico internacional
_929223
650 4 _aderechos de los trabajadores
_929924
650 4 _aresponsabilidad del empleador
_930146
650 4 _acontrato de trabajo
_928316
650 4 _aderecho del trabajo
_927165
650 4 _aderecho mercantil
_927157
650 4 _aderecho de sucesiones
_930973
650 4 _aderecho internacional
_926684
650 4 _aEspaña
_926964
653 1 0 _aDerecho del trabajo y Seguridad Social
700 1 _aBlanco-Morales Limones, Pilar
_ecol.
_97858
700 1 _aEslava Rodríguez, Manuela
_ecol.
_911396
830 0 _aThe global Law Collection
_pLegal studies series
_934310
902 _aLIB Libro
942 _2CES
_cBK
_h6.0.1.
999 _c22248
_d22248